[Event "Xtracon Chess Open 2016"]
[Site "Elsinore"]
[Date "2016.07.30"]
[Round "9.107"]
[White "Kakulidis, Ellen"]
[Black "Larsen, Preben R"]
[Result "1-0"]
[WhiteElo "1989"]
[BlackElo "1846"]
[PlyCount "49"]
[EventDate "2016.07.23"]

1. d4 d5 2. c4 c6 3. e3 dxc4 4. Bxc4 Nf6 5. Nf3 e6 6. O-O Nbd7 7. Nc3 Bb4 8.
Qc2 Qe7 9. e4 h6 10. h3 O-O 11. Be3 e5 12. Nd2 exd4 13. Bxd4 Bc5 14. Bxc5 Nxc5
15. Rfe1 Nh5 16. Nf3 Nf4 17. Qd2 Qf6 18. Qe3 Bxh3 19. Bf1 Nce6 20. gxh3 Qg6+
21. Kh2 Qh5 22. Ne2 g5 23. Ng3 Qg6 24. Nf5 g4 25. Ne7+ 1-0

[Event "Xtracon Chess Open 2016"]
[Site "Elsinore"]
[Date "2016.07.30"]
[Round "9.109"]
[White "Bremer, Erik"]
[Black "Hansen, Henrik Damgaard"]
[Result "0-1"]
[WhiteElo "1458"]
[BlackElo "1831"]
[PlyCount "88"]
[EventDate "2016.07.23"]

1. d4 Nf6 2. c4 c5 3. Nf3 e6 4. e3 a6 5. Nc3 g6 6. Be2 cxd4 7. exd4 d5 8. O-O
Bg7 9. Bg5 dxc4 10. Bxc4 b5 11. Bb3 h6 12. Bh4 g5 13. Bg3 Bb7 14. Re1 O-O 15.
h3 Nbd7 16. Ne5 Nb6 17. Bc2 Nbd5 18. Qd3 Nb4 19. Qd1 Nxc2 20. Qxc2 Qxd4 21.
Rad1 Qb6 22. Qe2 Rfe8 23. Rd2 Rad8 24. Red1 Rxd2 25. Rxd2 Rd8 26. Rxd8+ Qxd8
27. Qd3 Qxd3 28. Nxd3 Nd7 29. Bd6 Bd4 30. Ne2 Bb6 31. Ng3 f6 32. Kf1 Kf7 33. f3
a5 34. Ne2 e5 35. Ng3 Ke6 36. Ba3 b4 37. Bxb4 axb4 38. Nxb4 Bd4 39. b3 Bc3 40.
Nc2 Ba6+ 41. Kg1 Bd3 42. Na3 Bb4 43. Nc4 Bxc4 44. bxc4 Nb6 0-1

[Event "Xtracon Chess Open 2016"]
[Site "Elsinore"]
[Date "2016.07.30"]
[Round "9.110"]
[White "Hansen, Ole Foss"]
[Black "Henrichsen, Jens"]
[Result "1-0"]
[WhiteElo "1871"]
[BlackElo "1984"]
[PlyCount "69"]
[EventDate "2016.07.23"]

1. d4 Nf6 2. Nf3 g6 3. Bf4 Bg7 4. e3 O-O 5. c4 d5 6. Nc3 c6 7. Rc1 h6 8. h3 Be6
9. cxd5 Nxd5 10. Be5 Nd7 11. Bxg7 Kxg7 12. a3 f5 13. Be2 Rc8 14. O-O c5 15.
Nxd5 Bxd5 16. dxc5 Bxf3 17. Bxf3 Nxc5 18. b4 Ne4 19. Bxe4 fxe4 20. Rxc8 Qxd1
21. Rxd1 Rxc8 22. Rd7 Rc1+ 23. Kh2 Ra1 24. Rxb7 Rxa3 25. Rxe7+ Kf6 26. Rxe4 Ra4
27. Kg3 g5 28. Rd4 Kf5 29. f3 Ke5 30. Kg4 Kf6 31. h4 a5 32. hxg5+ hxg5 33. bxa5
Rxa5 34. e4 Ra6 35. Rd5 1-0

[Event "Xtracon Chess Open 2016"]
[Site "Elsinore"]
[Date "2016.07.30"]
[Round "9.111"]
[White "Larsen, Ulrik"]
[Black "Rasmussen, Jonas H"]
[Result "1-0"]
[WhiteElo "1983"]
[BlackElo "1805"]
[PlyCount "111"]
[EventDate "2016.07.23"]

1. e4 e5 2. Nf3 Nc6 3. Bb5 Nf6 4. Qe2 Bd6 5. c3 a6 6. Ba4 b5 7. Bc2 O-O 8. d3
Bc5 9. Bg5 h6 10. Bh4 Be7 11. Nbd2 d6 12. h3 d5 13. O-O d4 14. Bg3 dxc3 15.
bxc3 Bd6 16. d4 exd4 17. e5 Re8 18. cxd4 Bb4 19. Qd3 Bxd2 20. exf6 Qxf6 21.
Nxd2 Nxd4 22. Nb3 Bf5 23. Qxd4 Qxd4 24. Nxd4 Bxc2 25. Nxc2 c5 26. Rfe1 Rad8 27.
Kf1 Rxe1+ 28. Kxe1 Rd7 29. Rd1 Re7+ 30. Kf1 Re6 31. Rd6 Re4 32. Rxa6 Rc4 33.
Ne3 Rc1+ 34. Ke2 b4 35. Ra8+ Kh7 36. Bd6 Rc3 37. Ra5 b3 38. axb3 Rxb3 39. Rxc5
Rb6 40. Rd5 Kg8 41. g4 f6 42. h4 Kf7 43. Bc5 Rc6 44. Nf5 Rc7 45. h5 Ke6 46.
Rd6+ Ke5 47. Bd4+ Kf4 48. Be3+ Kxg4 49. Ng3 Rf7 50. Rd4+ Kh3 51. Nf5 Kg2 52.
Rg4+ Kh3 53. Kf3 Kh2 54. Rg2+ Kh3 55. Bf4 g5 56. Rh2# 1-0

[Event "Xtracon Chess Open 2016"]
[Site "Elsinore"]
[Date "2016.07.30"]
[Round "9.112"]
[White "Moller, Arne"]
[Black "Frisk, Hans"]
[Result "1-0"]
[WhiteElo "1843"]
[BlackElo "1981"]
[PlyCount "71"]
[EventDate "2016.07.23"]

1. e4 e5 2. Nf3 Nc6 3. Bb5 f5 4. d3 fxe4 5. dxe4 Nf6 6. O-O d6 7. Nc3 Be7 8. h3
a6 9. Bd3 b5 10. a3 O-O 11. Nd5 Nxd5 12. exd5 Nb8 13. c4 Nd7 14. cxb5 Nc5 15.
Bc4 axb5 16. Bxb5 Bf5 17. Bc4 Kh8 18. Be3 Be4 19. Nd2 Bd3 20. Bxd3 Nxd3 21. Qc2
Nf4 22. Qc4 Qd7 23. Kh2 Ra5 24. Qc6 Qxc6 25. dxc6 d5 26. b4 Rb5 27. Nb3 Ne6 28.
Rfe1 d4 29. Bxd4 Bxb4 30. axb4 Nxd4 31. Nxd4 exd4 32. Re7 Rc8 33. Rxc7 Rbb8 34.
Rxc8+ Rxc8 35. b5 Kg8 36. b6 1-0

[Event "Xtracon Chess Open 2016"]
[Site "Elsinore"]
[Date "2016.07.30"]
[Round "9.113"]
[White "Taksrud, Vidar"]
[Black "Gula, Julian"]
[Result "1-0"]
[WhiteElo "1979"]
[BlackElo "1801"]
[PlyCount "75"]
[EventDate "2016.07.23"]

1. Nf3 Nf6 2. c4 e6 3. g3 b6 4. Bg2 Bb7 5. O-O c5 6. Nc3 Be7 7. Re1 O-O 8. e4
d6 9. d4 cxd4 10. Nxd4 Qc8 11. b3 a6 12. Be3 Nbd7 13. Rc1 Nc5 14. f3 Qc7 15.
Qd2 Rac8 16. Qe2 Qb8 17. Bf2 Qa8 18. Nc2 Kh8 19. Ne3 Rg8 20. Red1 g5 21. Qb2
Rg7 22. g4 Ncd7 23. Ne2 Ne5 24. Ng3 Rgg8 25. Nh5 Nxh5 26. gxh5 Bf6 27. Qe2 Rcd8
28. Ng4 Nxg4 29. fxg4 Rd7 30. Bxb6 Bc6 31. Rf1 Be5 32. Rcd1 Qb8 33. Bd4 Bxd4+
34. Rxd4 Qb6 35. Qf2 a5 36. Qf6+ Rg7 37. h6 e5 38. Qxg7# 1-0

[Event "Xtracon Chess Open 2016"]
[Site "Elsinore"]
[Date "2016.07.30"]
[Round "9.114"]
[White "Robertsen, Bjorn"]
[Black "Oe, Oluf"]
[Result "1-0"]
[WhiteElo "1815"]
[BlackElo "1971"]
[PlyCount "107"]
[EventDate "2016.07.23"]

1. d4 d5 2. c4 c6 3. cxd5 cxd5 4. Bf4 Nc6 5. e3 Nf6 6. Nc3 e6 7. Bd3 Bb4 8. Rc1
O-O 9. Nf3 Bd7 10. O-O Nh5 11. Bg5 Be7 12. Bxe7 Qxe7 13. Ne5 g6 14. f4 f5 15.
g4 Nxe5 16. fxe5 Qg5 17. Qe2 fxg4 18. Kh1 Ng7 19. e4 Bc6 20. exd5 exd5 21. b4
a6 22. a4 Ne6 23. b5 axb5 24. axb5 Nxd4 25. Qg2 Rxf1+ 26. Rxf1 Ra3 27. bxc6
bxc6 28. Qb2 Rb3 29. Qa2 Qe7 30. Qa5 Nf3 31. Nxd5 cxd5 32. Qxd5+ Kg7 33. Qxb3
Nd2 34. Qb2 Nxf1 35. Bxf1 Qe6 36. Qd4 h5 37. Bc4 Qf5 38. e6+ Kh7 39. Qd3 Qe5
40. Qe2 Qa1+ 41. Kg2 Qa8+ 42. Kg3 Qa3+ 43. Qd3 Qc1 44. Qe2 Qg1+ 45. Kh4 g3 46.
hxg3 Qh1+ 47. Kg5 Qc1+ 48. Kf6 Qc3+ 49. Kf7 Qxg3 50. e7 Qf4+ 51. Ke6 Qf5+ 52.
Kd6 Qf6+ 53. Qe6 Qd4+ 54. Kc6 1-0

[Event "Xtracon Chess Open 2016"]
[Site "Elsinore"]
[Date "2016.07.30"]
[Round "9.116"]
[White "Andersen, Dag"]
[Black "Thomsen, Kim R"]
[Result "1-0"]
[WhiteElo "1830"]
[BlackElo "1966"]
[PlyCount "81"]
[EventDate "2016.07.23"]

1. Nf3 Nf6 2. c4 e6 3. d4 b6 4. g3 Ba6 5. b3 Bb4+ 6. Bd2 Be7 7. Bg2 Bb7 8. O-O
O-O 9. Nc3 Ne4 10. Ne5 Nxc3 11. Bxc3 Bxg2 12. Kxg2 d6 13. Nd3 d5 14. e3 Nd7 15.
Qe2 Rc8 16. cxd5 exd5 17. Bb4 Re8 18. Rac1 c5 19. dxc5 bxc5 20. Bd2 Qb6 21. Qf3
Nf6 22. Rc2 Ne4 23. Bc1 g5 24. Qf5 Rcd8 25. f3 Nd6 26. Qxd5 Nb7 27. Qf5 Nd6 28.
Qxc5 Qa6 29. Nb4 Qb7 30. Nc6 Rc8 31. Rd1 g4 32. Bb2 gxf3+ 33. Kh1 f2 34. Qd5
Kf8 35. Rf1 Rc7 36. Be5 Rd7 37. Rcxf2 f6 38. Nxe7 Qxd5+ 39. Nxd5 Rxe5 40. Nxf6
Rf7 41. Nd7+ 1-0

[Event "Xtracon Chess Open 2016"]
[Site "Elsinore"]
[Date "2016.07.30"]
[Round "9.117"]
[White "Jarve, Edvin"]
[Black "Molvig, Julius"]
[Result "0-1"]
[WhiteElo "1716"]
[BlackElo "1964"]
[PlyCount "54"]
[EventDate "2016.07.23"]

1. d4 Nf6 2. c4 c5 3. d5 b5 4. cxb5 a6 5. f3 axb5 6. e4 d6 7. Bxb5+ Bd7 8.
Bxd7+ Nbxd7 9. Ne2 g6 10. Na3 Bg7 11. Nb5 O-O 12. O-O Qa5 13. a4 Rfb8 14. Bd2
Qd8 15. Qc2 Nb6 16. a5 Nbxd5 17. Qc4 Nc7 18. Nxc7 Qxc7 19. Ra2 Qb7 20. b4 cxb4
21. Rb1 Rxa5 22. Rxa5 Qb6+ 23. Qd4 Qxa5 24. Rxb4 Rxb4 25. Qxb4 Qa7+ 26. Qd4
Qxd4+ 27. Nxd4 Nxe4 0-1

[Event "Xtracon Chess Open 2016"]
[Site "Elsinore"]
[Date "2016.07.30"]
[Round "9.118"]
[White "Strachan, Christian C"]
[Black "Mansoor, Afras"]
[Result "1-0"]
[WhiteElo "1964"]
[BlackElo "1719"]
[PlyCount "121"]
[EventDate "2016.07.23"]

1. e4 Nf6 2. e5 Nd5 3. d4 d6 4. exd6 cxd6 5. Nf3 g6 6. Be2 Bg7 7. O-O O-O 8. c4
Nb6 9. Nc3 Bf5 10. Be3 Nc6 11. Rc1 Rc8 12. Qd2 Re8 13. Rfd1 a5 14. b3 a4 15. c5
dxc5 16. dxc5 Nd7 17. Nxa4 Nde5 18. Nxe5 Bxe5 19. f4 Bg7 20. Bf3 Qc7 21. Qf2 e5
22. g3 Re7 23. Nb6 Nb4 24. Nxc8 Qxc8 25. Qd2 Nd3 26. c6 e4 27. cxb7 Qxb7 28.
Be2 Nxc1 29. Rxc1 Re8 30. Rd1 Bf6 31. Qd6 Bg7 32. Qb6 Qa8 33. a4 Qc8 34. Bc4
Bg4 35. Rd6 Bf3 36. Qa7 Rf8 37. Qd7 Qb8 38. Rb6 Qa8 39. Rb7 Kh8 40. Qd5 Qc8 41.
Qd7 Qa8 42. Ra7 Qb8 43. Qb5 Qd8 44. Qd7 Qc8 45. Qb7 Qxb7 46. Rxb7 Rd8 47. Kf2
f5 48. Rb5 h5 49. Rd5 Ra8 50. Bd4 Bxd4+ 51. Rxd4 Kg7 52. Rd7+ Kh6 53. Ke3 g5
54. Rd6+ Kg7 55. fxg5 Ra7 56. h4 Bg4 57. Bb5 Kf8 58. Bc4 Kg7 59. Rd5 Ra8 60. a5
Ra7 61. a6 1-0

[Event "Xtracon Chess Open 2016"]
[Site "Elsinore"]
[Date "2016.07.30"]
[Round "9.119"]
[White "Rogacewicz, Mikolaj"]
[Black "Huse, Sigurd Kjelsbol"]
[Result "1/2-1/2"]
[WhiteElo "1551"]
[BlackElo "1963"]
[PlyCount "101"]
[EventDate "2016.07.23"]

1. d4 d5 2. c4 c6 3. Nf3 Nf6 4. e3 a6 5. Nc3 Bf5 6. Bd3 Bxd3 7. Qxd3 e6 8. O-O
Be7 9. b3 O-O 10. Bb2 Nbd7 11. e4 dxe4 12. Nxe4 Nxe4 13. Qxe4 Nf6 14. Qc2 Rc8
15. Rad1 b5 16. Rfe1 Qb6 17. Ne5 Rfd8 18. Bc3 Nd7 19. Ng4 Nf6 20. Qe2 Nxg4 21.
Qxg4 Bf6 22. Re3 b4 23. Ba1 Rd7 24. Rxe6 h5 25. Re8+ Rxe8 26. Qxd7 Rd8 27. c5
Rxd7 28. cxb6 Bd8 29. Rc1 Bxb6 30. Rxc6 Bxd4 31. Bxd4 Rxd4 32. Kf1 Rd2 33. Rxa6
Kh7 34. g3 g5 35. Rb6 Rxa2 36. Rxb4 Rb2 37. h3 f5 38. Rb8 g4 39. h4 Kg6 40. b4
f4 41. gxf4 Kf5 42. b5 Kxf4 43. b6 Kf3 44. Rf8+ Ke4 45. Rf6 Ke5 46. Rh6 Kf4 47.
Rxh5 Rxb6 48. Kg2 Rb3 49. Rh7 Rh3 50. Rh8 Kf5 51. Rh7 1/2-1/2

[Event "Xtracon Chess Open 2016"]
[Site "Elsinore"]
[Date "2016.07.30"]
[Round "9.120"]
[White "Steenstrup, Svend"]
[Black "Skaale, Janus"]
[Result "0-1"]
[WhiteElo "1951"]
[BlackElo "1628"]
[PlyCount "66"]
[EventDate "2016.07.23"]

1. d4 d5 2. Nf3 Nf6 3. c4 c6 4. Nc3 dxc4 5. a4 Bf5 6. Nh4 Bg6 7. Nxg6 hxg6 8.
e4 e6 9. Bxc4 Bb4 10. Qb3 a5 11. e5 Nd5 12. Bd2 Nd7 13. Ne4 Bxd2+ 14. Kxd2 N7b6
15. Bxd5 cxd5 16. Nd6+ Kf8 17. Ke2 Nc4 18. Rac1 Nxd6 19. exd6 Qxd6 20. Qxb7 Qb8
21. Rc7 Qxb7 22. Rxb7 Rh4 23. Rc1 Rxd4 24. Rcc7 Rf4 25. g3 Rf5 26. Ke3 g5 27.
Rb5 Rd8 28. f4 gxf4+ 29. gxf4 d4+ 30. Kd3 Rxf4 31. Rxa5 Rf3+ 32. Ke2 d3+ 33.
Kxf3 d2 0-1

[Event "Xtracon Chess Open 2016"]
[Site "Elsinore"]
[Date "2016.07.30"]
[Round "9.121"]
[White "Goldie, Thomas"]
[Black "Kvaloy, Aksel Bu"]
[Result "1-0"]
[WhiteElo "2171"]
[BlackElo "1533"]
[PlyCount "35"]
[EventDate "2016.07.23"]

1. e4 c5 2. Nf3 e6 3. d4 cxd4 4. Nxd4 Bc5 5. Be3 Qb6 6. Na3 Qa5+ 7. Bd2 Qd8 8.
Be3 a6 9. Bd3 Ne7 10. O-O O-O 11. Nxe6 fxe6 12. Bxc5 b6 13. Bd6 Rf6 14. e5 Rh6
15. Be4 Nbc6 16. Nc4 Ng6 17. g3 Bb7 18. Ne3 1-0

[Event "Xtracon Chess Open 2016"]
[Site "Elsinore"]
[Date "2016.07.30"]
[Round "9.122"]
[White "Winther, Bjarke Rosenborg"]
[Black "Palozza, Christian"]
[Result "0-1"]
[WhiteElo "1786"]
[BlackElo "2090"]
[PlyCount "80"]
[EventDate "2016.07.23"]

1. e4 c6 2. d4 d5 3. e5 c5 4. dxc5 e6 5. b4 a5 6. c3 b6 7. Be3 bxc5 8. bxc5 Qc7
9. Nf3 Bxc5 10. Bxc5 Qxc5 11. Qd4 Qxd4 12. Bb5+ Bd7 13. Bxd7+ Nxd7 14. cxd4 Ke7
15. Kd2 Nh6 16. h3 Rhc8 17. Na3 f6 18. Rac1 Nf7 19. exf6+ gxf6 20. Rxc8 Rxc8
21. Rb1 Nd6 22. Rb3 Ne4+ 23. Ke1 Rc1+ 24. Ke2 Ra1 25. Rb2 Rxa2 26. Rxa2 Nc3+
27. Kd3 Nxa2 28. Nc2 Kd6 29. g4 e5 30. Nd2 Nb6 31. Na3 Nb4+ 32. Ke3 exd4+ 33.
Kxd4 Nc6+ 34. Kd3 Ke5 35. Nf3+ Kf4 36. Nd2 f5 37. gxf5 Kxf5 38. Ke3 a4 39. Kf3
d4 40. Ne4 Ne5+ 0-1

[Event "Xtracon Chess Open 2016"]
[Site "Elsinore"]
[Date "2016.07.30"]
[Round "9.123"]
[White "Norevall, Ulf"]
[Black "Arndt, Uwe"]
[Result "0-1"]
[WhiteElo "1749"]
[BlackElo "2023"]
[PlyCount "62"]
[EventDate "2016.07.23"]

1. d4 Nf6 2. c4 e6 3. Nc3 Bb4 4. Qc2 c5 5. dxc5 Bxc5 6. Nf3 O-O 7. Bg5 h6 8.
Bh4 b6 9. e3 Bb7 10. Be2 Be7 11. h3 Na6 12. a3 Nc5 13. Bg3 Nfe4 14. Be5 d6 15.
Rd1 Qb8 16. Bd4 Bf6 17. Bxf6 Nxf6 18. b4 Nce4 19. O-O Rc8 20. Nxe4 Bxe4 21. Qb2
d5 22. cxd5 Rc2 23. Qb3 Rxe2 24. Nd4 Bxd5 25. Qd3 Ra2 26. f3 Qg3 27. Ne2 Qg6
28. e4 Nh5 29. exd5 Qxd3 30. Rxd3 Rxe2 31. d6 Rxg2+ 0-1

[Event "Xtracon Chess Open 2016"]
[Site "Elsinore"]
[Date "2016.07.30"]
[Round "9.124"]
[White "Slettebo, Jan"]
[Black "Rasmussen, Henning"]
[Result "1-0"]
[WhiteElo "2022"]
[BlackElo "1779"]
[PlyCount "41"]
[EventDate "2016.07.23"]

1. e4 c6 2. d4 d5 3. e5 Bf5 4. Nc3 e6 5. g4 Bg6 6. Nge2 c5 7. h4 f6 8. h5 Bf7
9. f4 cxd4 10. Nxd4 Bb4 11. Bb5+ Nd7 12. f5 Ke7 13. fxe6 Bxe6 14. O-O Bc5 15.
Be3 Bxd4 16. Qxd4 Nxe5 17. g5 Nc6 18. Bxc6 bxc6 19. h6 g6 20. Rae1 Kf7 21. Na4
1-0

[Event "Xtracon Chess Open 2016"]
[Site "Elsinore"]
[Date "2016.07.30"]
[Round "9.125"]
[White "Maselli, Daniel"]
[Black "Olesen, Poul Erik Norgaard"]
[Result "0-1"]
[WhiteElo "1751"]
[BlackElo "2020"]
[PlyCount "102"]
[EventDate "2016.07.23"]

1. d4 g6 2. Nf3 Bg7 3. Bg5 d6 4. e3 c6 5. c3 Nd7 6. Bd3 Ngf6 7. O-O h6 8. Bh4
O-O 9. Nbd2 e5 10. Ne4 Qc7 11. dxe5 dxe5 12. Nxf6+ Nxf6 13. Bg3 Nh5 14. Qc2 Be6
15. e4 Nxg3 16. hxg3 Rad8 17. Rfd1 Rd7 18. Be2 Rfd8 19. a3 Qb6 20. c4 a5 21. b3
Qc5 22. Rxd7 Rxd7 23. Qb2 Bg4 24. b4 Qa7 25. b5 Qc5 26. Rb1 Bxf3 27. gxf3 Bf8
28. bxc6 bxc6 29. a4 Rd4 30. Qc3 Qa7 31. Rb2 Bb4 32. Qe3 Kg7 33. f4 Bc5 34. Qf3
exf4 35. Qxf4 Qe7 36. Qf3 Rxe4 37. Qd3 Qe5 38. Rd2 Rd4 39. Qc3 f6 40. Qxa5 Rxd2
41. Qxd2 Qxg3+ 42. Kh1 Qh4+ 43. Kg2 Qxf2+ 44. Kh3 h5 45. Qd7+ Kh6 46. Qe6 Be3
47. Qxc6 Qxe2 48. Qxf6 Qg4+ 49. Kh2 Bf4+ 50. Kh1 Qh3+ 51. Kg1 Be3+ 0-1

[Event "Xtracon Chess Open 2016"]
[Site "Elsinore"]
[Date "2016.07.30"]
[Round "9.126"]
[White "Kyrkjebo, Hanna Bakken"]
[Black "Haagen Larsen, Hans"]
[Result "1-0"]
[WhiteElo "1987"]
[BlackElo "1752"]
[PlyCount "81"]
[EventDate "2016.07.23"]

1. e4 e6 2. d3 d5 3. Qe2 Nf6 4. Nf3 c5 5. g3 Nc6 6. Bg2 Be7 7. O-O d4 8. e5 Nd5
9. Nbd2 b5 10. a4 Ba6 11. axb5 Bxb5 12. Nc4 a5 13. Nfd2 Ra6 14. Na3 Na7 15.
Nxb5 Nxb5 16. Nc4 O-O 17. Qg4 f5 18. exf6 Bxf6 19. Re1 Re8 20. Qe2 a4 21. h4
Nbc7 22. Bd2 h6 23. Qg4 Kh8 24. Be4 g5 25. hxg5 Rg8 26. g6 Bg7 27. Qh3 Nf6 28.
Ne5 Rf8 29. Nf7+ Rxf7 30. gxf7 Qf8 31. Kg2 Ncd5 32. Bxd5 exd5 33. Re6 Rxe6 34.
Qxe6 Kh7 35. Rxa4 Qd8 36. Qf5+ Kh8 37. Ra6 c4 38. Rc6 Nd7 39. Bxh6 Bxh6 40.
Rxh6+ Kg7 41. Rh7+ 1-0

[Event "Xtracon Chess Open 2016"]
[Site "Elsinore"]
[Date "2016.07.30"]
[Round "9.127"]
[White "Svensson, Lars Ake"]
[Black "Werner, Jakob"]
[Result "1-0"]
[WhiteElo "1972"]
[BlackElo "1733"]
[PlyCount "65"]
[EventDate "2016.07.23"]

1. e4 c6 2. Nc3 d5 3. Nf3 dxe4 4. Nxe4 Bf5 5. Ng3 Bg6 6. h4 h6 7. Ne5 Bh7 8.
Qh5 g6 9. Qf3 Qd5 10. Qxd5 cxd5 11. Bb5+ Kd8 12. Nxf7+ Kc7 13. Nxh8 a6 14. Ba4
b5 15. Bb3 Nf6 16. Nf7 Nbd7 17. d3 e5 18. Bxh6 Bc5 19. Be3 Rf8 20. Ng5 Bg8 21.
Bxc5 Nxc5 22. f3 a5 23. a3 Kd6 24. O-O Rc8 25. Rac1 Nfd7 26. Rfd1 Nb8 27. Ne2
Nc6 28. Kf2 a4 29. Ba2 Rc7 30. d4 exd4 31. Nxd4 Nxd4 32. Rxd4 Ke5 33. Rd2 1-0

[Event "Xtracon Chess Open 2016"]
[Site "Elsinore"]
[Date "2016.07.30"]
[Round "9.128"]
[White "Pedersen, Kim Michael"]
[Black "Holmstrom, Johan Ravnborg"]
[Result "0-1"]
[WhiteElo "1745"]
[BlackElo "1942"]
[PlyCount "64"]
[EventDate "2016.07.23"]

1. d4 Nf6 2. Bf4 g6 3. e3 Bg7 4. Bc4 d6 5. Nf3 a6 6. c3 h6 7. Nbd2 Nh5 8. Bg3
b5 9. Be2 Nxg3 10. hxg3 Bb7 11. Qc2 Nd7 12. Nh4 O-O 13. f4 e5 14. Nhf3 c5 15.
dxc5 dxc5 16. O-O-O Qe7 17. e4 c4 18. Nh2 a5 19. f5 gxf5 20. exf5 Bxg2 21. Rhg1
Bb7 22. g4 e4 23. Rdf1 Bf6 24. Kb1 Bg5 25. Rd1 Nc5 26. Nhf1 e3 27. Ng3 exd2 28.
f6 Qxf6 29. Rgf1 Qe5 30. Bf3 Qxg3 31. Bxb7 Nxb7 32. Qe4 Qd3+ 0-1

[Event "Xtracon Chess Open 2016"]
[Site "Elsinore"]
[Date "2016.07.30"]
[Round "9.129"]
[White "Petersen, Rasmus"]
[Black "Stam, Bart"]
[Result "1/2-1/2"]
[WhiteElo "1730"]
[BlackElo "1929"]
[PlyCount "93"]
[EventDate "2016.07.23"]

1. d4 Nf6 2. c4 e6 3. Nc3 Bb4 4. Qc2 c5 5. Nf3 cxd4 6. Nxd4 Nc6 7. e3 O-O 8. a3
Bxc3+ 9. Qxc3 Ne4 10. Qc2 Qa5+ 11. Bd2 Nxd2 12. Qxd2 Qxd2+ 13. Kxd2 Nxd4 14.
exd4 b6 15. Rc1 Bb7 16. f3 Rfc8 17. Bd3 f5 18. Rhe1 Kf7 19. Rc3 Rc7 20. Rec1 d6
21. b4 Rd8 22. Ke2 Kf6 23. g3 e5 24. d5 Rdc8 25. Kd2 g6 26. R3c2 b5 27. cxb5
Rxc2+ 28. Rxc2 Rxc2+ 29. Bxc2 Bxd5 30. f4 Ke6 31. Ke3 Kd7 32. Bd3 Bb3 33. h3 h5
34. g4 e4 35. Be2 h4 36. gxf5 gxf5 37. Kd4 Ke6 38. Kc3 Ba4 39. Kd4 Bc2 40. Kc3
Ba4 41. Kd4 Bb3 42. Kc3 Bd5 43. Kd4 Bb7 44. Bc4+ Ke7 45. Bf1 Ke6 46. Bc4+ d5
47. Be2 1/2-1/2

[Event "Xtracon Chess Open 2016"]
[Site "Elsinore"]
[Date "2016.07.30"]
[Round "9.130"]
[White "Nielsen, Jorgen Kamp"]
[Black "Bosselmann, Tom Linus"]
[Result "1/2-1/2"]
[WhiteElo "1727"]
[BlackElo "1928"]
[PlyCount "94"]
[EventDate "2016.07.23"]

1. Nf3 Nf6 2. c4 e6 3. d4 b6 4. g3 Bb7 5. Bg2 Be7 6. O-O O-O 7. b3 d5 8. Bb2 c5
9. e3 Ne4 10. Nbd2 f5 11. Ne5 Nd7 12. Ndf3 Bf6 13. Qe2 Qe7 14. Nxd7 Qxd7 15.
dxc5 Nxc5 16. Rfd1 Qe7 17. Nd4 Ne4 18. Nb5 Bxb2 19. Qxb2 a6 20. Nd4 Rfd8 21.
cxd5 Bxd5 22. Nf3 Rac8 23. Rac1 Qb4 24. Rd4 Rxc1+ 25. Qxc1 Qc3 26. Qxc3 Nxc3
27. Rd2 Rc8 28. Nd4 Ne4 29. Rc2 Rxc2 30. Nxc2 a5 31. Bxe4 Bxe4 32. Nd4 Kf7 33.
Kf1 e5 34. Ne2 Ke6 35. Nc3 Bd3+ 36. Ke1 e4 37. a3 Ke5 38. h4 h6 39. Kd2 Kd6 40.
b4 axb4 41. axb4 b5 42. f4 Bc4 43. Ke1 Ke6 44. Kf2 Kf6 45. Nd1 Kg6 46. Nc3 Kh5
47. Nd1 Bd3 1/2-1/2

[Event "Xtracon Chess Open 2016"]
[Site "Elsinore"]
[Date "2016.07.30"]
[Round "9.131"]
[White "Skjoldager, Flemming"]
[Black "Nielsen, Angelo"]
[Result "0-1"]
[WhiteElo "1926"]
[BlackElo "1747"]
[PlyCount "56"]
[EventDate "2016.07.23"]

1. e4 d6 2. d4 Nf6 3. Nc3 g6 4. f4 Bg7 5. Nf3 O-O 6. Be2 Na6 7. O-O c5 8. d5
Rb8 9. Nd2 Nc7 10. a4 e6 11. Bf3 exd5 12. exd5 Bd7 13. Re1 Re8 14. Nc4 Rxe1+
15. Qxe1 Bg4 16. Qd1 Qd7 17. Ne3 Bxf3 18. Qxf3 Re8 19. Bd2 a6 20. a5 Nb5 21.
Nxb5 Qxb5 22. Bc3 Ne4 23. Bxg7 Kxg7 24. b3 Qb4 25. Qd1 Qc3 26. Nc4 Qf6 27. g3
Nc3 28. Kf1 Nxd1 0-1

[Event "Xtracon Chess Open 2016"]
[Site "Elsinore"]
[Date "2016.07.30"]
[Round "9.132"]
[White "Klitgaard, Ebbe"]
[Black "Madsen, Svend"]
[Result "1-0"]
[WhiteElo "1914"]
[BlackElo "1638"]
[PlyCount "161"]
[EventDate "2016.07.23"]

1. d4 Nf6 2. c4 g6 3. Nf3 Bg7 4. Nc3 O-O 5. g3 d6 6. Bg2 Nbd7 7. O-O e5 8. dxe5
Nxe5 9. Nxe5 dxe5 10. e4 c6 11. Qxd8 Rxd8 12. Bg5 h6 13. Bxf6 Bxf6 14. Rfd1 Be6
15. b3 Bg7 16. Rxd8+ Rxd8 17. Rd1 Rxd1+ 18. Nxd1 Kf8 19. Kf1 Ke7 20. Ke2 Kd6
21. Kd3 f5 22. Nc3 f4 23. Ne2 g5 24. f3 h5 25. h3 Bf6 26. g4 hxg4 27. hxg4 Kc5
28. Kc3 a5 29. Nc1 b6 30. Bf1 Kd6 31. a4 Bd7 32. Be2 Bd8 33. Nd3 Bc7 34. Nf2
Ke6 35. Bf1 Bd6 36. Nd3 Kf6 37. Be2 b5 38. axb5 cxb5 39. cxb5 Bxb5 40. Nc1 Bb4+
41. Kc2 Bc6 42. Bc4 a4 43. Nd3 axb3+ 44. Kxb3 Bd2 45. Nb4 Be8 46. Nd5+ Kg7 47.
Nc7 Bd7 48. Be6 Bc6 49. Bd5 Bd7 50. Be6 Bc6 51. Kc4 Ba4 52. Bf5 Be1 53. Kd5 Bc3
54. Ke6 Bb3+ 55. Nd5 Bb2 56. Kd7 Bd1 57. Ke6 Bxf3 58. Nc7 Bd1 59. Ke7 Ba3+ 60.
Ke6 Bb3+ 61. Kxe5 f3 62. Ne6+ Kh6 63. Kf6 Bb2+ 64. e5 Bc4 65. Be4 f2 66. Bg2
Bd5 67. Bf1 Bf3 68. Kf5 Bc1 69. Nd4 Bd1 70. e6 Bb2 71. e7 Ba4 72. Nb5 Bc2+ 73.
Ke6 Bg6 74. Nd6 Kg7 75. e8=Q Bxe8 76. Nxe8+ Kg6 77. Bd3+ Kh6 78. Nd6 Kg7 79.
Ne4 Bd4 80. Nxg5 Be3 81. Kf5 1-0

[Event "Xtracon Chess Open 2016"]
[Site "Elsinore"]
[Date "2016.07.30"]
[Round "9.133"]
[White "Rolstad, Morten"]
[Black "Undheim, Bjarne"]
[Result "1-0"]
[WhiteElo "1720"]
[BlackElo "1910"]
[PlyCount "71"]
[EventDate "2016.07.23"]

1. Nf3 d5 2. g3 Nc6 3. d4 Nf6 4. Bg2 Bg4 5. Nbd2 e6 6. O-O Be7 7. c3 O-O 8. h3
Bh5 9. g4 Bg6 10. Nh4 Re8 11. Nxg6 hxg6 12. e4 dxe4 13. Nxe4 Nxe4 14. Bxe4 Bd6
15. g5 Rb8 16. Kg2 Ne7 17. Qg4 Nf5 18. h4 Kf8 19. Rh1 Ke7 20. d5 Rh8 21. Bf4
Bxf4 22. Qxf4 Qd6 23. Qg4 Rh5 24. Rae1 Rbh8 25. Bxf5 gxf5 26. Qd4 c5 27. Qxg7
Qxd5+ 28. Kg3 f4+ 29. Kxf4 Rxh4+ 30. Rxh4 Rxh4+ 31. Kg3 Qc4 32. Qf6+ Ke8 33. f3
Rh7 34. g6 fxg6 35. Rxe6+ Kd7 36. Rd6+ 1-0

[Event "Xtracon Chess Open 2016"]
[Site "Elsinore"]
[Date "2016.07.30"]
[Round "9.134"]
[White "Shehzad, Shazil"]
[Black "Nielsen, Thomas"]
[Result "1/2-1/2"]
[WhiteElo "1711"]
[BlackElo "1906"]
[PlyCount "65"]
[EventDate "2016.07.23"]

1. e4 c6 2. d4 d5 3. Nc3 dxe4 4. Nxe4 Bf5 5. Ng3 Bg6 6. h4 h6 7. Nf3 Nd7 8. h5
Bh7 9. Bd3 Bxd3 10. Qxd3 e6 11. Bf4 Qa5+ 12. Bd2 Bb4 13. Ne4 Bxd2+ 14. Nfxd2
Qc7 15. Qa3 Ne7 16. Nd6+ Kf8 17. O-O-O b5 18. Rde1 a5 19. N6e4 Nb6 20. Nc5 Kg8
21. Qf3 Ned5 22. Rh4 Qe7 23. Qg3 Kh7 24. Rg4 Rhg8 25. Nf3 Nf6 26. Rh4 Nc4 27.
Ne5 Nxe5 28. Qxe5 Rad8 29. Qe3 Rd5 30. Reh1 Rgd8 31. c3 Kg8 32. f4 Nd7 33. Nxd7
1/2-1/2

[Event "Xtracon Chess Open 2016"]
[Site "Elsinore"]
[Date "2016.07.30"]
[Round "9.135"]
[White "Christiansen, Torsten Sundgaar"]
[Black "Janse, Sebastiaan"]
[Result "0-1"]
[WhiteElo "1708"]
[BlackElo "1903"]
[PlyCount "74"]
[EventDate "2016.07.23"]

1. e4 e5 2. Nf3 Nc6 3. Nc3 Nf6 4. Bc4 Nxe4 5. Bxf7+ Kxf7 6. Nxe4 d5 7. Neg5+
Kg8 8. d4 h6 9. Nh3 Bg4 10. Qd2 Bxf3 11. gxf3 Nxd4 12. Ng1 Qf6 13. f4 Qxf4 14.
Qxf4 exf4 15. Kd2 Bd6 16. c3 Nc6 17. Nf3 Kh7 18. h4 g6 19. Kd3 Rhe8 20. Bd2
Ne5+ 21. Nxe5 Bxe5 22. Rae1 Bd6 23. Kd4 c6 24. f3 Kg7 25. c4 dxc4 26. Kxc4 Kf7
27. a4 Rxe1 28. Rxe1 Re8 29. Rxe8 Kxe8 30. Bc3 Kf7 31. Kd4 Be7 32. Ke4 Bxh4 33.
Kxf4 Bf6 34. Bxf6 Kxf6 35. b4 b6 36. Kg4 c5 37. bxc5 bxc5 0-1